Geography - V - Statistics

General Stats
  • This quiz has been taken 41 times
  • The average score is 9 of 15
Answer Stats
Hint Answer % Correct
Major lake in Eastern Türkiye. Van
98%
The capital city of Austria. Vienna
98%
Is a member of OPEC despite being far from its point of origin. Venezuela
95%
Asian country which practices 'Bamboo Diplomacy'. Vietnam
95%
Major city in western Canada. Vancouver
93%
Island nation in the Pacific. Vanuatu
93%
Became the 14th U.S. state in 1791. Vermont
93%
State wherein Cornwallis surrendered to the French and Americans at Yorktown. Virginia
80%
The capital city of Laos. Vientiane
78%
Brief Viking colony in North America. Vinland
45%
Central Mexican state. Veracruz
30%
In 843, a treaty at this city divided the late Charlemagne's Frankish Empire into three. Verdun
18%
The name for modern Poland's first-level subdivision (akin to Medieval Transylvanian polities). Voivodeship
10%
Site of King Wladislaw III's demise in 1444. Varna
8%
City in Mexico whose name translates to English as 'Beautiful Town'. Villahermosa
8%
No matching quizzes found
Score Distribution
Percent of People with Each Score
Percentile by Number Answered
Your Score History
You have not taken this quiz